Congreso Constituyente de San Cristóbal 1844. (Registro nro. 9050)
[ vista simple ]
| 000 -CABECERA | |
|---|---|
| campo de control de longitud fija | 01052nam a2200277 a 4500 |
| 001 - NÚMERO DE CONTROL | |
| campo de control | 000009289 |
| 005 - FECHA Y HORA DE LA ÚLTIMA TRANSACCIÓN | |
| campo de control | 20250502073818.0 |
| 008 - DATOS DE LONGITUD FIJA--INFORMACIÓN GENERAL | |
| campo de control de longitud fija | 090929s1985 dr 001 0 spa d |
| 040 ## - FUENTE DE LA CATALOGACIÓN | |
| Centro catalogador/agencia de origen | DO-SdBNP |
| Lengua de catalogación | spa |
| Centro/agencia transcriptor | BNPHU |
| 082 ## - NÚMERO DE LA CLASIFICACIÓN DECIMAL DEWEY | |
| Número de clasificación | 342.7293024 |
| Número de documento/Ítem | R426c |
| 110 2# - ENTRADA PRINCIPAL--NOMBRE DE ENTIDAD CORPORATIVA | |
| Nombre de entidad corporativa o nombre de jurisdicción como elemento de entrada | República Dominicana. |
| Unidad subordinada | Consejo Nacional |
| 9 (RLIN) | 24013 |
| 245 10 - MENCIÓN DE TÍTULO | |
| Título | Congreso Constituyente de San Cristóbal 1844. |
| 260 ## - PUBLICACIÓN, DISTRIBUCIÓN, ETC. | |
| Lugar de publicación, distribución, etc. | Santo Domingo : |
| Nombre del editor, distribuidor, etc. | ONAP, |
| Fecha de publicación, distribución, etc. | 1985. |
| 300 ## - DESCRIPCIÓN FÍSICA | |
| Extensión | 458 p. ; |
| Dimensiones | 14 cm. |
| 490 1# - MENCIÓN DE SERIE | |
| Mención de serie | Centenario de la República |
| Designación de volumen o secuencia | 1 |
| 490 1# - MENCIÓN DE SERIE | |
| Mención de serie | ONAP |
| 500 ## - NOTA GENERAL | |
| Nota general | Incluye notas al pie de las páginas |
| 590 ## - NOTA LOCAL (RLIN) | |
| Nota local | Inventariado, 2018/ YL |
| 650 #4 - PUNTO DE ACCESO ADICIONAL DE MATERIA--TÉRMINO DE MATERIA | |
| Término de materia o nombre geográfico como elemento de entrada | Leyes |
| Subdivisión geográfica | República Dominicana |
| Subdivisión cronológica | SIGLO XIX |
| Subdivisión general | Fuentes |
| 9 (RLIN) | 24014 |
| 651 #4 - PUNTO DE ACCESO ADICIONAL DE MATERIA--NOMBRE GEOGRÁFICO | |
| Nombre geográfico | República Dominicana |
| Subdivisión general | Historia Constitucional |
| Subdivisión cronológica | SIGLO XIX |
| Subdivisión general | Fuentes |
| 9 (RLIN) | 24015 |
| 650 #4 - PUNTO DE ACCESO ADICIONAL DE MATERIA--TÉRMINO DE MATERIA | |
| Término de materia o nombre geográfico como elemento de entrada | Derecho |
| Subdivisión geográfica | República Dominicana |
| Subdivisión cronológica | SIGLO XIX |
| 9 (RLIN) | 24016 |
| 710 1# - PUNTO DE ACCESO ADICIONAL--NOMBRE DE ENTIDAD CORPORATIVA | |
| Nombre de entidad corporativa o nombre de jurisdicción como elemento de entrada | República Dominicana. |
| Unidad subordinada | Oficina Nacional de Administración y Personal |
| 9 (RLIN) | 26398 |
| 830 #0 - PUNTO DE ACCESO ADICIONAL DE SERIE-TÍTULO UNIFORME | |
| Título uniforme | Centenario de la República |
| Designación de volumen o secuencia | 1 |
| 9 (RLIN) | 24018 |
| 830 ## - PUNTO DE ACCESO ADICIONAL DE SERIE-TÍTULO UNIFORME | |
| Título uniforme | ONAP |
| 9 (RLIN) | 10860 |
| 910 ## - DATOS DE OPCIÓN DEL USUARIO (OCLC) | |
| Datos de opción del usuario | Validado. Control de calidad MMOLINA |
| Estado de retiro | Estado de pérdida | Restricciones de uso | No para préstamo | Código de colección | Localización permanente | Ubicación/localización actual | Ubicación en estantería | Fecha de adquisición | Número de inventario | Total de préstamos | Signatura topográfica completa | Código de barras | Fecha visto por última vez | Precio válido a partir de | Tipo de ítem Koha |
|---|---|---|---|---|---|---|---|---|---|---|---|---|---|---|---|
| Préstamo interno | Patrimonio Dominicano | General | General | Depósito | 29.09.2009 | LF1 | v. 1, e. 3 | 9289-30 | 25.06.2020 | 25.06.2020 | Libro y Folleto Colección Patrimonio Dominicano | ||||
| Préstamo interno | Patrimonio Dominicano | General | General | Depósito | 29.09.2009 | LF1 | v. 1, e. 4 | 9289-40 | 25.06.2020 | 25.06.2020 | Libro y Folleto Colección Patrimonio Dominicano | ||||
| Préstamo interno | Patrimonio Dominicano | General | General | Depósito | 15.04.2013 | LF1 | v. 1, e. 5 | 9289-50 | 25.06.2020 | 25.06.2020 | Libro y Folleto Colección Patrimonio Dominicano | ||||
| Excluido de préstamo | Patrimonio Dominicano | Patrimonio Dominicano | Patrimonio Dominicano | Depósito | 29.09.2009 | LF1 | v. 1 | 9289-10 | 25.06.2020 | 25.06.2020 | Libro y Folleto Colección Patrimonio Dominicano | ||||
| Excluido de préstamo | Patrimonio Dominicano | Patrimonio Dominicano | Patrimonio Dominicano | Depósito | 29.09.2009 | LF1 | v. 1, e. 2 | 9289-20 | 25.06.2020 | 25.06.2020 | Libro y Folleto Colección Patrimonio Dominicano |
